Návrh metodiky procesných auditov v Protherm production, s.r.o.

Salvato in:
Dettagli Bibliografici
Autore principale: Oravec, Marek (Autore)
Altri autori: Linczényi, Alexander (Relatore della tesi)
Natura: Manoscritto Libro
Lingua:slovacco
Pubblicazione: 2016
Soggetti:
Accesso online:http://is.stuba.sk/zp/portal_zp.pl?podrobnosti=105905
Tags: Aggiungi Tag
Nessun Tag, puoi essere il primo ad aggiungerne!!

MARC

LEADER 00000ntm a22000003a 4500
001 stuzp57825
003 SK-STU
005 20160719155356.1
007 ta
008 150427s2015----xo-----f-mn---000-0-slo-d
040 |a STU  |b slo 
041 0 |a slo 
100 1 |a Oravec, Marek  |u 064000  |4 aut  |U MTF Materiálovotechnologická fakulta  |T MTF Ústav priemyselného inžinierstva a manažmentu  |X 71651  |U M4000  |Y 84  |7 71651 
242 0 1 |a Design of methodology for process audits in Protherm Production, s.r.o.  |y eng 
245 1 0 |a Návrh metodiky procesných auditov v Protherm production, s.r.o. 
260 |c 2016 
650 4 |a audit  |2 slo 
650 4 |a procesný audit  |2 slo 
650 4 |a Protherm Production  |2 slo 
650 4 |a návrh  |2 slo 
650 4 |a audit  |2 eng 
650 4 |a process audit  |2 eng 
650 4 |a design  |2 eng 
650 4 |a Protherm Production  |2 eng 
700 1 |a Linczényi, Alexander  |4 ths  |X 3055  |7 A000003055 
856 4 |u http://is.stuba.sk/zp/portal_zp.pl?podrobnosti=105905 
996 |c M* BP-7742  |l MMSKP  |s P  |a 0  |w stuzp57825_0001 
SQL |a stuzp57825  |b DBP  |c SLO  |d Návrh metodiky procesných auditov v Protherm production, s.r.o.  |e 71651  |f Oravec, Marek  |g 064000  |h 3055  |i Linczényi, Alexander  |j 20160627  |k 171  |l 06  |m http://is.stuba.sk/zp/portal_zp.pl?podrobnosti=105905  |n B-KPR  |o 5.2.57. kvalita produkcie